| 000 | 01153nam a22002892 4500 | ||
|---|---|---|---|
| 001 | 0000004407 | ||
| 005 | 20151217145807.0 | ||
| 008 | 070523s xx 000 0 eng d | ||
| 020 |
_a0070380848 : _cKES 1,260 |
||
| 040 |
_aKABU _cKABU |
||
| 050 | 0 |
_aQA273.25 _b.L57 1998 |
|
| 100 | 1 |
_aLipschutz, Seymour. _@0000154949 |
|
| 245 | 1 | 0 |
_aSchaum's outline of theory and problems of introduction to probability and statistics / _cSeymour Lipschutz, John J. Schiller, Jr. |
| 246 | 3 | _aTheory and problems of introduction to probability and statistics : | |
| 246 | 3 | _aIntroduction to probability and statistics | |
| 260 |
_aNew York : _bMcGraw-Hill, _cc1998. |
||
| 300 |
_avi, 370 p. : _bill. ; _c28 cm. |
||
| 440 | 0 |
_aSchaum's outline series _@0000154153 |
|
| 500 | _aIncludes index. | ||
| 650 | 0 |
_aProbabilities _xProblems, exercises, etc. _@0000154950 |
|
| 650 | 0 |
_aMathematical statistics _xOutlines, syllabi, etc. _@0000154951 |
|
| 650 | 0 |
_aMathematical statistics _xProblems, exercises, etc. _@0000154952 |
|
| 700 | 1 |
_aSchiller, John. _@0000154948 |
|
| 908 | _a070523 | ||
| 950 | _@1 | ||
| 999 |
_c2663 _d2663 |
||